| 000 | 00382nam a2200145 a 4500 | ||
|---|---|---|---|
| 005 | 20140414132100.0 | ||
| 008 | 100702s19uu xx 00 eng d | ||
| 050 |
_aER _bFr927 2004 |
||
| 245 | _aThe frog prince. | ||
| 260 |
_aMalaysia : _bLittle Sun Sdn. Bhd, _c2004. |
||
| 300 | _a14 | ||
| 440 | _aHappy fairy tales | ||
| 650 |
_aStory- _xfiction- _xactivity book |
||
| 999 |
_c114441 _d114441 |
||